Estimación de la dosificaciçon apropiada de ligante asfáltico en la rehabilitación de pavimentos flexibles con uso de geosintéticos
Сохранить в:
| Главный автор: | |
|---|---|
| Формат: | |
| Язык: | Spanish |
| Опубликовано: |
[San José], Costa Rica
2016
|
| Предметы: | |
| Метки: |
Добавить метку
Нет меток, Требуется 1-ая метка записи!
|
MARC
| LEADER | 00000nam a22000007a 4500 | ||
|---|---|---|---|
| 003 | 012464 | ||
| 005 | 20221231144117.0 | ||
| 008 | 160922b2016 cr a|||| |||| 00| ||spa d | ||
| 040 | |c cru CEDI | ||
| 090 | |a TFG 7621 | ||
| 100 | |9 5321 |a Solano Rodríguez, Mario Esteban | ||
| 245 | |a Estimación de la dosificaciçon apropiada de ligante asfáltico en la rehabilitación de pavimentos flexibles con uso de geosintéticos | ||
| 260 | |a [San José], Costa Rica |c 2016 | ||
| 300 | |a xx, 131[126] hojas ; ilustraciones algunas a color | ||
| 500 | |a Proyecto de graduación (licenciatura en ingeniería civil)--Universidad de Costa Rica. Facultad de Ingeniería. Escuela de Ingeniería Civil | ||
| 650 | |x LIGANTES |x PAVIMENTOS DE ASFALTO - MEZCLAS - COSTA RICA |x ASFALTO |x MEZCLAS DE EMULSION ASFALTICA |x PAVIMENTOS |x GEOTEXTILES |x PRUEBAS |9 5322 | ||
| 942 | |c TFG | ||
| 999 | |c 17044 |d 17044 | ||
